Toda la belleza del mundo (Record no. 140513)

MARC details
000 -LEADER
campo de control de longitud fija 00726nam a2200217 4500
001 - NÚMERO DE CONTROL
campo de control 140513
003 - IDENTIFICADOR DE NÚMERO DE CONTROL
campo de control ES-MaACL
007 - CAMPO FIJO DE DESCRIPCIÓN FÍSICA--INFORMACIÓN GENERAL
campo de control de longitud fija t|
008 - DATOS DE LONGITUD FIJA--INFORMACIÓN GENERAL
campo de control de longitud fija 070214s1985 sp r ||||1| spa d
100 1# - ENTRADA PRINCIPAL--NOMBRE DE PERSONA
Nombre de persona Seifert, Jaroslav.
9 (RLIN) 105252
245 10 - MENCIÓN DEL TÍTULO
Título Toda la belleza del mundo
Resto del título : (historias y recuerdos) /
Mención de responsabilidad, etc. Jaroslav Seifert ; traducción del checo por Monika Zgustová y Elena Panteleeva.
250 ## - MENCION DE EDICION
Mención de edición [1ª ed.].
260 ## - PUBLICACIÓN, DISTRIBUCIÓN, ETC.
Lugar de publicación, distribución, etc. [Barcelona] :
Nombre del editor, distribuidor, etc. Seix Barral,
Fecha de publicación, distribución, etc. 1985.
300 ## - DESCRIPCIÓN FÍSICA
Extensión 395 p. ;
Dimensiones 21 cm.
490 1# - MENCIÓN DE SERIE
Mención de serie Biblioteca breve
700 1# - ENTRADA AGREGADA--NOMBRE PERSONAL
Nombre de persona Zgustová, Monika.
9 (RLIN) 118222
700 1# - ENTRADA AGREGADA--NOMBRE PERSONAL
Nombre de persona Panteleeva, Elena.
9 (RLIN) 88822
830 0# - PUNTO DE ACCESO ADICIONAL DE SERIE-TÍTULO UNIFORME
Título uniforme Biblioteca breve (Seix Barral)
9 (RLIN) 227188
852 ## - LOCALIZACIÓN
Ubicación ES-MaACL
Número de control de estantería L-8978
Sublocalización o colección R.110464
Holdings
Estatus retirado Estado de pérdida Estado de daño No para préstamo Biblioteca de origen Biblioteca actual Ubicación en estantería Fecha de adquisición Fuente de adquisición Total de préstamos Signatura topográfica completa Código de barras Visto por última vez Precio de reemplazo Tipo de ítem Koha
        Biblioteca del Ateneo de Madrid Biblioteca del Ateneo de Madrid Depósito 2 17/01/2008     L-8978 1146222 23/02/2023 23/02/2023 Libro impreso